Oscar Wilde / (Record no. 6613)
[ view plain ]
| 000 -LEADER | |
|---|---|
| fixed length control field | 00519nac a22001691u 4500 |
| 020 ## - INTERNATIONAL STANDARD BOOK NUMBER | |
| International Standard Book Number | 1842050516 |
| 082 ## - DEWEY DECIMAL CLASSIFICATION NUMBER | |
| Classification number | 828.809 |
| Item number | PRI |
| 090 ## - LOCALLY ASSIGNED LC-TYPE CALL NUMBER (OCLC); LOCAL CALL NUMBER (OCLC) | |
| -- | 6613 |
| -- | 6613 |
| 100 ## - MAIN ENTRY--PERSONAL NAME | |
| Personal name | Pritchard, David |
| 245 ## - TITLE STATEMENT | |
| Title | Oscar Wilde / |
| Statement of responsibility, etc | David Pritchard |
| 260 ## - PUBLICATION, DISTRIBUTION, ETC. (IMPRINT) | |
| Place of publication, distribution, etc | New Lanark : |
| Name of publisher, distributor, etc | Geddes & Grosset, 2001. |
| Date of publication, distribution, etc | 2001 |
| 300 ## - PHYSICAL DESCRIPTION | |
| Extent | 188 p. ; |
| Dimensions | 17 cm. |
| 500 ## - GENERAL NOTE | |
| General note | distributer: al-Ahram |
| 511 ## - PARTICIPANT OR PERFORMER NOTE | |
| Participant or performer note | catalogued by: wessam |
| 600 ## - SUBJECT ADDED ENTRY--PERSONAL NAME | |
| Personal name | Wilde, Oscar, |
| Dates associated with a name | 1854-1900 |
| General subdivision | Biography. |
| 942 ## - ADDED ENTRY ELEMENTS (KOHA) | |
| Item type | Book - Borrowing |
| Call number prefix | 828.809PRI |
| Withdrawn status | Item status | Damaged status | Not for loan | Home library | Current library | Shelving location | Date acquired | Source of acquisition | Total Checkouts | Full call number | Barcode | Date last seen | Koha item type |
|---|---|---|---|---|---|---|---|---|---|---|---|---|---|
| Central Library | Central Library | Second Floor | 28/11/2007 | Purchase | 828.809PRI | 000008311 | 15/07/2025 | Book - Borrowing |